00832nam a2200241 a 450000100100000000500170001000800410002702000150006804000250008308200230010810000360013124500820016725000110024926000410026030000210030165000280032265000310035070000520038191000070043304900090044095201260044999900150057500000776320200929154306.0820924s1986 mx 000 f spa d a9681503414 aDO-SdBNPbspacBNPHU a863.5bV162j, 19861 aValera, Juan,d1824-1905.9683310aJuanita la larga /cJuan Valera ; prólogo de Fernando Juan Serrano Escobar. a2a ed. aMéxico :bMexicanos Unidos,c1986. a282 p. ;c19 cm. 4aNovela española91123 4aLiteratura española96321 aSerrano Escobar, Fernando Juan,epról.921455 aWM aBNGR 001054708MOaGRbGRcHDd2009-09-10iLF1l0o863.5 V162j, 1986p7763-10r2020-06-25w2020-06-25y4ZPréstamo en sala c7541d7541